• 首页
  • 本馆介绍
  • 公告通知
  • 最新文献
  • 馆藏检索
  • 电子资源
  • 读者导购
  • 参考咨询
  • 我的图书馆
  • 登录
  • 详细信息显示
  • 放入我的书架
  • 预约/预借图书
  • 作者相关作品
  • 分类相关作品
  • 丛书相关作品
  • 出版社相关作品

书目信息

  • 表格格式
  • 工作单格式
  • 卡片格式
题名:
落花流水春归去 一种销魂是李郎
    
 
作者: 李清秋 著
分册:  
出版信息: 北京   中国华侨出版社  2013
页数: 242页
开本: 21cm
丛书名:
单 册:
中图分类: K827=432
科图分类:
主题词:
电子资源:
ISBN: 978-7-5113-3827-3
000 00853nam0 2200241 450
001 339074
005 20150604153635.01
010    @a978-7-5113-3827-3@dCNY28.00
100    @a20130905d2013 em y0chiy50 ea
101 0  @achi
102    @aCN@b110000
105    @ay z 000yb
106    @ar
200 1  @a落花流水春归去 一种销魂是李郎@Aluo hua liu shui chun gui qu , yi zhong xiao hun shi li lang@e悲情词帝李煜传@f李清秋著
210    @a北京@c中国华侨出版社@d2013
215    @a242页@d21cm
330    @a本书以时间为线, 将李煜斑驳悲戚的人生和绝美的艺术才华徐徐展开, 全景介绍了这个绝代才子、薄命君王、悲情词人的多面人生。
517 1  @a悲情词帝李煜传@Abei qing ci di li yu zhuan
600  0 @a李煜@f(937-978)@x传记
690    @aK827=432@v5
701  0 @a李清秋@Ali qing qiu@c(女)@4著
801  0 @aCN@b卓展宏图@c20150525
905    @dK827=432@e485LQ@f5
    
    落花流水春归去 一种销魂是李郎:悲情词帝李煜传/李清秋著.-北京:中国华侨出版社,2013
    242页;21cm
    
    
    ISBN 978-7-5113-3827-3:CNY28.00
    本书以时间为线, 将李煜斑驳悲戚的人生和绝美的艺术才华徐徐展开, 全景介绍了这个绝代才子、薄命君王、悲情词人的多面人生。
●
相关链接 在E读中查询图书 在五车中查询图书 在当当中查询图书 在豆瓣中查询图书


正题名:落花流水春归去 一种销魂是李郎     索取号:K827=432/485LQ         预约/预借

序号 登录号 条形码 馆藏地/架位号 状态 备注
1 859241   208592414   第二样本阅览室/ [索取号:K827=432/485LQ] 在馆    
2 859242   208592423   第二借阅区/ [索取号:K827=432/485LQ] 在馆    
3 859243   208592432   第二借阅区/ [索取号:K827=432/485LQ] 在馆    
4 859244   208592441   第二借阅区/ [索取号:K827=432/485LQ] 在馆    
5 859245   208592450   第二借阅区/ [索取号:K827=432/485LQ] 在馆    
唐山师范学院图书馆 欢迎您!
大连网信软件有限公司© 版权所有